LEADER 00878nam0 2200277 450 001 000019734 005 20081121121046.0 100 $a20081121d1944----km-y0itay50------ba 101 0 $aita 102 $aIT 105 $ay-------001yy 200 1 $aRegime di massa$enuovi studi$fGiacomo Perticone 210 $aRoma$cAtlantica$d1944 215 $a162 p.$d22 cm 225 2 $aCollana di cultura politica$v1 410 0$12001$aCollana di cultura politica 500 10$aRegime di massa$933904 610 1 $aPartiti di massa 610 1 $aStato autoritario 676 $a303.372$v19$9Costumi e credenze. (Include : Valori, Etica sociale, Giustizia sociale). 700 1$aPerticone,$bGiacomo$068356 801 0$aIT$bUNIPARTHENOPE$c20081121$gRICA$2UNIMARC 912 $a000019734 951 $a324/102$b11312$cNAVA1$d2008 996 $aRegime di massa$933904 997 $aUNIPARTHENOPE